000 00365nam a2200157Ia 4500
008 221030s9999 xx 000 0 und d
020 _a0060404469
041 _aEnglish
082 _a105.23
_bBai
100 _aL. P. Bailey
245 0 _aContemporary Auditing
260 _bHarper & Row Pub
_aNew York
_c1979
300 _a657
650 _aManagement
942 _cBK
999 _c938
_d938